Szczegóły MARC21

Das Textbegehren des "Michael Kohlhaas" : die Sprache des Unbewußten und der Sinn der Literatur /

003 -Nazwa inst., której nr kontr. jest w polu 001 [,]
    • @
    • Nazwa instytucji, której n kontrolny jest w polu 001
    • NUKAT
005 -DATA I CZAS OSTATNIEJ MODYFIKACJI [,]
    • @
    • pole kontrolne
    • 20241231104619.0
020 -Międzynarod. znormalizowany nr książki - ISBN [ , ]
    • a
    • Numer ISBN
    • 3499251620 Find
040 -Instytucja sporządzająca opis [ , ]
    • a
    • Instytucja, która sporządziła opis (NP)
    • SZCZ U/AB
    • b
    • Język katalogowania
    • pol
    • e
    • Zasady katalogowania
    • rda
    • c
    • Instytucja, która sporządziła rekord (NP)
    • SZCZ U/ABs
942 -Rodzaj dokumentu [ , ]
    • c
    • Rodzaj dokumentu
    • Książka
100 -Hasło główne - nazwa osobowa [1, ]
    • a
    • Nazwa osobowa (NP)
    • Gallas, Helga
    • d
    • Daty biograficzne (NP)
    • (1940- ).
    • e
    • Rodzaj współpracy
    • Autor
    • 9
    • KHW
    • 452201
245 -Strefa tytułu i oznaczenia odpowiedzialności [1,4]
    • a
    • Tytuł
    • Das Textbegehren des "Michael Kohlhaas" : Find
    • b
    • Ciąg dalszy tytułu (NP)
    • die Sprache des Unbewußten und der Sinn der Literatur / Find
    • c
    • Pozostałe elementy strefy tytułu i oznaczenia odpowiedzialności (NP)
    • Helga Gallas.
246 -Wariant tytułu [1,8]
    • a
    • Tytuł (NP)
    • Textbegehren
260 -Strefa adresu wydawniczego [ , ]
    • a
    • Miejsce wydania (P)
    • Reinbek bei Hamburg :
    • b
    • Nazwa wydawcy (P)
    • Rowohlt Taschenbuch,
    • c
    • Data wydania (P)
    • © 1981.
300 -Strefa opisu fizycznego [ , ]
    • a
    • Określenie formy książki i/lub objętość (NP)
    • 127, [1] strona ;
    • c
    • Format (NP)
    • 19 cm.
336 -Typ zawartości [ , ]
    • a
    • Termin opisujący typ zawartości
    • Tekst
    • b
    • Kod określający zawartość
    • txt
    • 2
    • Źródło (terminu i kodu)
    • rdacontent
337 -Typ mediów [ , ]
    • a
    • Tryb odtwarzania
    • Bez urządzenia pośredniczącego
    • b
    • Kod typu mediów
    • n
    • 2
    • Źródło (terminu i kodu)
    • rdamedia
338 -Typ/rodzaj nośnika [ , ]
    • a
    • Hasło opisujące typ nośnika
    • Wolumin
    • b
    • Kod typu nośnika
    • nc
    • 2
    • Źródło (terminu i kodu)
    • rdacarrier
490 -Strefa serii i książki wielotomowej - forma nie do wyszukiwania [1, ]
    • a
    • Tytuł (P)
    • Das Neue Buch ; Find
    • v
    • Numeracja (P)
    • 162
830 -Hasło dodatkowe serii i opisu książki wielotomowej - tytuł ujednolicony/tytuł [ ,4]
    • a
    • Tytuł ujednolicony/tytuł (NP)
    • Das Neue Buch
    • v
    • Oznaczenie tomu (NP)
    • 162
    • 9
    • KHW
    • 652541
504 -Uwaga dot. bibliogr. załącznikowej [ , ]
    • a
    • Uwaga dot. bibliografii załącznikowej
    • Bibliografia na stronach 126-[128].
080 -Uniwersalna Klasyfikacja Dziesiętna [ , ]
    • a
    • Symbol klasyfikacji
    • 830(091)"178/181"Kleist H.von=30
080 -Uniwersalna Klasyfikacja Dziesiętna [ , ]
    • a
    • Symbol klasyfikacji
    • :167/168::82.0=30
600 -Hasło przedmiotowe w formie nazwy osobowej [1,7]
    • a
    • Nazwa osobowa
    • Kleist, Heinrich von
    • d
    • Daty związane z nazwą
    • (1777-1811).
    • t
    • Tytuł
    • Michael Kohlhaas
    • 2
    • Źródło terminu
    • kaba
    • 9
    • KHW
    • 324982
650 -Hasło przedmiotowe [ ,7]
    • a
    • Hasło przedmiotowe
    • Psychoanaliza i literatura.
    • 2
    • Źródło terminu
    • kaba
    • 9
    • KHW
    • 126936
980 -Symbol UKD [ , ]
    • a
    • UKD
    • 830(091)"178/181"Kleist H.von:167/168::82.0]=30
710 -Hasło dodatkowe - nazwa ciała zbiorowego [2, ]
    • a
    • Nazwa ciała zbiorowego lub nazwa geograficzna jako pierwszy element (NP)
    • Rowohlt Taschenbuch Verlag.
    • e
    • Rodzaj współpracy
    • Wydawca
    • 4
    • Kod relacji
    • pbl
    • 9
    • KHW
    • 72813
920 -ISBN [ , ]
    • a
    • ISBN
    • 3-499-25162-0 Find
Data inwentaryzacji Status udost. Sygnatura Lokalizacja Numer inwentarzowy
2000-09-01-3Germ. Literat. - Kleist 02BMG.5246